| 000 | 01242cam a22001934a 4500 | ||
|---|---|---|---|
| 005 | 20250605164237.0 | ||
| 008 | 250528s ||||||||||||||||||||||||d | ||
| 035 | _a21181 | ||
| 020 | _a9789604116577 | ||
| 040 |
_aGR-AtMCL _bgre _dGR-AtMCL _eAACR2 |
||
| 245 | 1 | _aΓεωτεχνικές Κατασκευές ΙΙ / Ανάλυση των Αρχών Σχεδιασμού και Κατασκευής | |
| 260 |
_bΊων, _c2008 |
||
| 300 | _a792 | ||
| 520 | _aΤο δίτομο αυτό πόνημα, ως πρακτικό βιβλίο απευθύνεται στους Γεωτεχνικούς Μηχανικούς που σχεδιάζουν ή και υλοποιούν γεωτεχνικές κατασκευές. Εισαγωγή, Επιφανειακή Συμπύκνωση, Επιφανειακή Ανάμιξη, Οπλισμένη Γη - Γεωσυνθετικά, Αποστράγγιση, Προφόρτιση, Χαλικοπάσσαλοι, Βαρεία Τύπανση, Βαθεία Ανάμιξη, Εδαφοηλώσεις, Ενέσεις, Παραρτήματα, Βιβλιογραφία, Ευρετήριο. | ||
| 700 | 1 |
_aΚωστόπουλος Σπύρος Δ _92689 |
|
| 942 | _cBK | ||
| 999 |
_c6249 _d6249 |
||